000 00431nam a2200157Ia 4500
008 230917s9999||||xx |||||||||||||| ||und||
040 _e184285
_aMAIN
041 _aEnglish
082 _a658.72 P971P(13)
100 _aLeenders, Michiel R
245 0 _aPurchasing and supply management: With 50 supply chain cases
250 _a13th ed.
260 _aNew Delhi
_bTata McGraw-Hill
_c2010
300 _axix, 564 p.
942 _cBK
999 _c164046
_d164046